[Event "OBEM 2019"]
[Site "Bremen"]
[Date "2019.04.17"]
[Round "6.3"]
[White "Hundack, Rolf"]
[Black "Elmali, Timur"]
[Result "1/2-1/2"]
[WhiteElo "2140"]
[BlackElo "2121"]
[Annotator "TA"]
[PlyCount "117"]
[EventDate "2019.04.13"]
[EventType "swiss"]
[EventCountry "GER"]
[SourceTitle "playchess.com"]
[Source "ChessBase"]
[SourceQuality "1"]

{[%evp 9,117,24,28,35,34,33,45,25,36,33,39,12,11,11,25,11,10,12,27,25,44,22,40,0,41,38,73,90,148,129,129,64,64,64,68,64,68,68,66,-8,14,0,0,0,-2,-15,0,-32,-32,-25,-26,-36,-33,-64,-18,-58,-20,-29,0,0,36,35,46,46,46,46,46,46,46,46,52,47,48,10,10,11,16,17,57,57,57,57,57,57,57,57,57,57,57,57,57,57,57,52,52,52,52,52,52,52,52,52,52,52,52,52,52,52,52,52]} 1. d4 Nf6 2. Bf4 d6 3. Nf3 Bg4 4. e3 (4. Nbd2) 4... Nbd7 5. Be2 c6 6. h3 {A46: 1 d4 Nf6 2 Nf3 e6: Torre, London and Colle Systems} Bxf3 7. Bxf3 e5 8. Bh2 $146 ({Predecessor:} 8. Bg5 exd4 9. exd4 Be7 10. O-O O-O {0-1 (50) Ivan,I (2071)-Sefcik,M (2030) Slovakia 2014}) 8... Be7 9. O-O O-O 10. Nd2 exd4 11. exd4 d5 12. c3 Re8 13. Re1 $36 {[%mdl 2048] White fights for an advantage.} Nf8 14. Qb3 Qd7 15. Re3 Ng6 16. Bg3 Bf8 17. Be5 Nxe5 18. dxe5 d4 (18... Ne4 $142 19. Nxe4 dxe4 20. Rxe4 Qc7) 19. cxd4 $16 Qxd4 {[#]} 20. exf6 ({Much less strong is} 20. Qxb7 $6 Rab8 $14) ({White should try} 20. Nc4 $1 $16 {Threatens to win with Rd1.} Nd5 21. Rd1) 20... Qxd2 $14 21. Rd1 Rxe3 22. fxe3 Qb4 23. fxg7 Kxg7 24. Qd3 ({Better is} 24. Qxb4 $14 Bxb4 25. Rd7) 24... Be7 25. Rf1 Rd8 26. Qf5 {And now Be4 would win.} Qc5 27. Qe4 Rd5 28. Kh1 Re5 29. Qg4+ Rg5 30. Qd7 Qe5 {Strongly threatening ...Bd6.} 31. Bg4 ({Don't blunder} 31. Qxb7 $2 Bd6 $19) 31... h5 32. Bd1 Qg3 {[%csl Gg5][%cal Rg3g2]} 33. Qd4+ Qe5 34. Bb3 Qxd4 (34... f6 {with more complications.} 35. Qd7 Qe4 36. Rf3 Kh6 37. Bc4 Rc5) 35. Rxf7+ {[%mdl 64] [#] Double Attack} Kg6 {( -> ...Qe4!)} 36. exd4 {[%mdl 4096] Endgame KRB-KRB} Bf6 37. Rd7 {Bc2+ is the strong threat.} Rb5 38. g3 h4 39. gxh4 Bxh4 40. Kg2 a5 41. Bf7+ Kf6 42. b3 Rg5+ 43. Kf3 Rg7 44. Be8 {White is slightly better.} Rxd7 45. Bxd7 {KB-KB} Ke7 46. Bc8 b5 47. Bb7 Kd6 48. Ke4 Bf6 49. d5 cxd5+ $1 50. Bxd5 a4 51. Bf7 axb3 52. Bxb3 Ke7 53. Kf5 Bh4 54. Kg4 Bf6 55. h4 Kf8 $1 56. h5 Kg7 57. Kf5 {Threatening mate with h6+!} Bb2 58. Bd5 b4 59. Bb3 {Accuracy: White = 47%, Black = 67%.} 1/2-1/2

[Event "OBEM 2019"]
[Site "Bremen"]
[Date "2019.04.17"]
[Round "6.4"]
[White "Peters, Frank"]
[Black "Stern, Philipp"]
[Result "1/2-1/2"]
[WhiteElo "2059"]
[BlackElo "1794"]
[Annotator "NA RC"]
[PlyCount "36"]
[EventDate "2019.04.13"]
[EventType "swiss"]
[EventCountry "GER"]
[SourceTitle "playchess.com"]
[Source "ChessBase"]
[SourceQuality "1"]
[TimeControl "40/5400+30:1800+30"]

1. c4 {[%emt 0:06:55]} Nf6 {[%emt 0:00:00]} 2. Nc3 {[%emt 0:00:11]} c6 {[%emt 0:00:54]} 3. Nf3 {[%emt 0:01:15]} d5 {[%emt 0:00:48]} 4. e3 {[%emt 0:00:19]} Nbd7 {[%emt 0:02:02]} 5. cxd5 {[%emt 0:01:57]} cxd5 {[%emt 0:00:51]} 6. d4 {[%emt 0:00:26]} e6 {[%emt 0:02:06]} 7. Bd3 {[%emt 0:00:18]} Be7 {[%emt 0:02:12]} 8. O-O {[%emt 0:00:25]} O-O {[%emt 0:00:49]} 9. Ne5 {[%emt 0:04:12]} Nxe5 {[%emt 0:05:54]} 10. dxe5 {[%emt 0:00:03]} Nd7 {[%emt 0:00:39]} 11. f4 {[%emt 0:00:55]} f5 {[%emt 0:05:49]} 12. exf6 {[%emt 0:13:18]} Nxf6 {[%emt 0:06:13]} 13. Kh1 {[%emt 0:01:07]} Bd7 {[%emt 0:05:26]} 14. e4 {[%emt 0:02:44]} dxe4 {[%emt 0:10:55]} (14... d4 $5 {[%cal Rd4c3]} 15. e5 dxc3 16. exf6 Bxf6 17. bxc3 Bc6 $11) 15. Nxe4 {[%emt 0:02:02]} Bc6 {[%emt 0:02:47]} 16. Qe2 {[%emt 0:03:56]} Nxe4 {[%emt 0:09:18]} 17. Bxe4 {[%emt 0:00:12]} Bxe4 {[%emt 0:00:10]} 18. Qxe4 $11 {[%emt 0:00:51]} Qd5 {[%emt 0:00:09]} 1/2-1/2

[Event "OBEM 2019"]
[Site "Bremen"]
[Date "2019.04.18"]
[Round "7.1"]
[White "Stern, Philipp"]
[Black "Margraf, Daniel"]
[Result "0-1"]
[WhiteElo "1794"]
[BlackElo "2238"]
[Annotator "NA"]
[PlyCount "72"]
[EventDate "2019.04.13"]
[EventType "swiss"]
[EventCountry "GER"]
[SourceTitle "playchess.com"]
[Source "ChessBase"]
[SourceQuality "1"]
[TimeControl "40/5400+30:1800+30"]

1. e4 {[%emt 0:00:00]} d6 {[%emt 0:00:00]} 2. d4 {[%emt 0:00:00]} Nf6 {[%emt 0:00:00]} 3. Nc3 {[%emt 0:00:00]} g6 {[%emt 0:02:09]} 4. f4 {[%emt 0:00:41]} Bg7 {[%emt 0:00:23]} 5. Nf3 {[%emt 0:00:16]} O-O {[%emt 0:00:06]} 6. Be3 {[%emt 0:01:55]} Na6 {[%emt 0:00:40]} 7. Qd2 {[%emt 0:05:59]} c5 {[%emt 0:01:32]} 8. Bxa6 {[%emt 0:09:53]} cxd4 {[%emt 0:00:29]} 9. Bxd4 {[%emt 0:01:38]} bxa6 {[%emt 0:00:05]} 10. O-O {[%emt 0:04:52]} Bb7 {[%emt 0:03:00]} 11. Rae1 {[%emt 0:04:31]} e5 {[%emt 0:19:21]} 12. fxe5 {[%emt 0:08:09]} dxe5 {[%emt 0:00:07]} 13. Bxe5 {[%emt 0:02:43]} Re8 {[%emt 0:08:46]} 14. Qxd8 {[%emt 0:13:19]} Raxd8 {[%emt 0:00:05]} 15. Bxf6 {[%emt 0:04:56]} Bxf6 {[%emt 0:00:19]} 16. Nd5 {[%emt 0:03:52]} Bxb2 {[%emt 0:05:50]} 17. c4 {[%emt 0:09:54]} Bg7 {[%emt 0:02:34]} 18. Rb1 {[%emt 0:02:08]} Ba8 {[%emt 0:05:22]} 19. Ng5 {[%emt 0:05:49]} Rd7 {[%emt 0:12:08]} 20. Nf6+ {[%emt 0:05:18]} Bxf6 {[%emt 0:01:07]} 21. Rxf6 {[%emt 0:00:05]} h6 {[%emt 0:02:14]} 22. Nf3 {[%emt 0:01:35]} Bb7 {[%emt 0:06:50]} 23. c5 {[%emt 0:02:07]} Rc7 {[%emt 0:01:37]} 24. Nd2 {[%emt 0:02:48]} Kg7 {[%emt 0:04:27]} 25. Rd6 {[%emt 0:00:54]} Re5 {[%emt 0:02:25]} 26. c6 {[%emt 0:03:03]} Rxc6 {[%emt 0:03:38]} 27. Rd7 {[%emt 0:00:25]} Bc8 {[%emt 0:00:25]} 28. Rxa7 {[%emt 0:00:09]} Rc2 {[%emt 0:01:24]} 29. Ra8 {[%emt 0:03:42]} Rxd2 {[%emt 0:03:23]} 30. Rxc8 {[%emt 0:00:09]} Rxe4 {[%emt 0:00:10]} 31. h3 {[%emt 0:02:31]} Ree2 {[%emt 0:00:06]} 32. g4 {[%emt 0:00:09]} Rg2+ {[%emt 0:00:23]} 33. Kf1 {[%emt 0:00:08]} Rh2 {[%emt 0:00:08]} 34. Kg1 {[%emt 0:00:12]} Rdg2+ {[%emt 0:00:50]} 35. Kf1 {[%emt 0:00:11]} Rxa2 {[%emt 0:00:12]} 36. Kg1 {[%emt 0:00:30]} Rxh3 {[%emt 0:00:51]} 0-1

[Event "OBEM 2019"]
[Site "Bremen"]
[Date "2019.04.18"]
[Round "7.2"]
[White "Issing, Peter"]
[Black "Hundack, Rolf"]
[Result "0-1"]
[WhiteElo "2156"]
[BlackElo "2140"]
[Annotator "NA"]
[PlyCount "128"]
[EventDate "2019.04.13"]
[EventType "swiss"]
[EventCountry "GER"]
[SourceTitle "playchess.com"]
[Source "ChessBase"]
[SourceQuality "1"]
[TimeControl "40/5400+30:1800+30"]

1. d4 {[%emt 0:00:00]} d5 {[%emt 0:04:02]} 2. c4 {[%emt 0:00:00]} e6 {[%emt 0:00:30]} 3. Nf3 {[%emt 0:00:16]} c6 {[%emt 0:03:13]} 4. Qc2 {[%emt 0:06:23]} Bd6 {[%emt 0:06:40]} 5. Bg5 {[%emt 0:03:14]} f6 {[%emt 0:04:03]} 6. Bh4 {[%emt 0:02:46]} Nh6 {[%emt 0:03:56]} 7. Bg3 {[%emt 0:08:37]} O-O {[%emt 0:17:31]} 8. e3 {[%emt 0:00:52]} f5 {[%emt 0:09:02]} 9. Bxd6 {[%emt 0:04:05]} Qxd6 {[%emt 0:00:13]} 10. Nc3 {[%emt 0:01:21]} Nd7 {[%emt 0:01:36]} 11. Bd3 {[%emt 0:01:09]} Nf6 {[%emt 0:00:34]} 12. O-O-O {[%emt 0:06:00]} Nf7 {[%emt 0:06:17]} 13. h3 {[%emt 0:16:39]} e5 {[%emt 0:10:25]} 14. dxe5 {[%emt 0:02:41]} Nxe5 {[%emt 0:00:41]} 15. Be2 {[%emt 0:00:52]} Be6 {[%emt 0:03:44]} 16. Kb1 {[%emt 0:07:47]} Kh8 {[%emt 0:07:13]} 17. cxd5 {[%emt 0:02:27]} Nxd5 {[%emt 0:01:47]} 18. Rd2 {[%emt 0:10:09]} Bg8 {[%emt 0:04:24]} 19. Rhd1 {[%emt 0:03:15]} Qf6 {[%emt 0:02:42]} 20. Nd4 {[%emt 0:03:27]} b5 {[%emt 0:01:53]} 21. f4 {[%emt 0:11:21]} Nd7 {[%emt 0:07:30]} 22. Nxd5 {[%emt 0:00:33]} Bxd5 {[%emt 0:00:23]} 23. Bf3 {[%emt 0:00:13]} Nb6 {[%emt 0:01:09]} 24. Nxc6 {[%emt 0:01:15]} Bxf3 {[%emt 0:00:19]} 25. gxf3 {[%emt 0:00:21]} Nc4 {[%emt 0:00:05]} 26. Ne5 {[%emt 0:01:44]} Nxe3 {[%emt 0:00:46]} 27. Nd7 {[%emt 0:03:11]} Qh4 {[%emt 0:01:16]} 28. Qb3 {[%emt 0:01:14]} Nxd1 {[%emt 0:00:23]} 29. Nxf8 {[%emt 0:00:17]} Rxf8 {[%emt 0:00:19]} 30. Qxd1 {[%emt 0:01:43]} Qxf4 {[%emt 0:00:47]} 31. Rd8 {[%emt 0:00:20]} Qb4 {[%emt 0:00:47]} 32. a3 {[%emt 0:00:32]} Qe7 {[%emt 0:00:13]} 33. Rxf8+ {[%emt 0:01:01]} Qxf8 {[%emt 0:00:02]} 34. Qd7 {[%emt 0:00:05]} a6 {[%emt 0:00:49]} 35. Qc6 {[%emt 0:00:17]} h6 {[%emt 0:00:29]} 36. Qxa6 {[%emt 0:00:10]} Qc5 {[%emt 0:00:43]} 37. Qg6 {[%emt 0:01:08]} Qd5 {[%emt 0:00:24]} 38. h4 {[%emt 0:00:48]} Qd3+ {[%emt 0:00:34]} 39. Ka2 {[%emt 0:00:28]} Qc4+ {[%emt 0:00:30]} 40. Kb1 {[%emt 0:00:27]} Qf1+ {[%emt 0:01:21]} 41. Ka2 {[%emt 0:30:33]} Qc4+ {[%emt 0:07:55]} 42. Kb1 {[%emt 0:00:00]} Qxh4 {[%emt 0:03:35]} 43. Qe8+ {[%emt 0:00:00]} Kh7 {[%emt 0:00:06]} 44. Qxb5 {[%emt 0:00:00]} Qe1+ {[%emt 0:00:46]} 45. Ka2 {[%emt 0:00:00]} Qe6+ {[%emt 0:00:34]} 46. Qb3 {[%emt 0:00:00]} Qg6 {[%emt 0:02:55]} 47. a4 {[%emt 0:00:00]} h5 {[%emt 0:00:11]} 48. a5 {[%emt 0:00:00]} h4 {[%emt 0:00:32]} 49. f4 {[%emt 0:00:00]} Qa6 {[%emt 0:06:50]} 50. Qc3 {[%emt 0:00:00]} Qf1 {[%emt 0:02:08]} 51. Qe5 {[%emt 0:00:00]} Qc4+ {[%emt 0:01:04]} 52. Ka3 {[%emt 0:00:00]} Qd3+ {[%emt 0:01:54]} 53. b3 {[%emt 0:00:00]} h3 {[%emt 0:00:30]} 54. Qe8 {[%emt 0:00:56]} Qd6+ {[%emt 0:00:38]} 55. b4 {[%emt 0:00:19]} Qd3+ {[%emt 0:02:15]} 56. Kb2 {[%emt 0:01:27]} Qd2+ {[%emt 0:00:45]} 57. Ka3 {[%emt 0:00:20]} Qc3+ {[%emt 0:00:45]} 58. Ka2 {[%emt 0:00:29]} Qf3 {[%emt 0:01:17]} 59. Qf7 {[%emt 0:01:37]} Qg4 {[%emt 0:01:01]} 60. a6 {[%emt 0:03:26]} h2 {[%emt 0:02:27]} 61. Qb7 {[%emt 0:00:18]} Qe2+ {[%emt 0:00:32]} 62. Ka3 {[%emt 0:00:26]} Qd3+ {[%emt 0:00:49]} 63. Kb2 {[%emt 0:00:17]} Qd2+ {[%emt 0:00:16]} 64. Ka3 {[%emt 0:00:18]} Qc1+ {[%emt 0:03:00]} 0-1

[Event "OBEM 2019"]
[Site "Bremen"]
[Date "2019.04.18"]
[Round "7.3"]
[White "Elmali, Timur"]
[Black "Norbach, Alexander"]
[Result "1-0"]
[WhiteElo "2121"]
[BlackElo "1972"]
[Annotator "NA"]
[PlyCount "47"]
[EventDate "2019.04.13"]
[EventType "swiss"]
[EventCountry "GER"]
[SourceTitle "playchess.com"]
[Source "ChessBase"]
[SourceQuality "1"]
[TimeControl "40/5400+30:1800+30"]

1. d4 {[%emt 0:00:00]} d5 {[%emt 0:00:00]} 2. Nf3 {[%emt 0:00:34]} Nf6 {[%emt 0:00:00]} 3. c4 {[%emt 0:00:48]} c6 {[%emt 0:00:00]} 4. e3 {[%emt 0:00:17]} e6 {[%emt 0:00:12]} 5. Nc3 {[%emt 0:00:18]} Nbd7 {[%emt 0:00:12]} 6. Bd3 {[%emt 0:00:47]} dxc4 {[%emt 0:00:35]} 7. Bxc4 {[%emt 0:00:05]} b5 {[%emt 0:00:10]} 8. Bd3 {[%emt 0:00:33]} a6 {[%emt 0:01:07]} 9. O-O {[%emt 0:01:07]} c5 {[%emt 0:01:05]} 10. a4 {[%emt 0:01:47]} b4 {[%emt 0:02:18]} 11. Ne4 {[%emt 0:05:07]} Bb7 {[%emt 0:00:55]} 12. Nxf6+ {[%emt 0:08:17]} Nxf6 {[%emt 0:03:33]} 13. dxc5 {[%emt 0:04:54]} Bxc5 {[%emt 0:00:58]} 14. b3 {[%emt 0:02:43]} O-O {[%emt 0:19:16]} 15. Bb2 {[%emt 0:00:47]} Qe7 {[%emt 0:00:56]} 16. Qe2 {[%emt 0:01:32]} Nd5 {[%emt 0:09:01]} 17. Rac1 {[%emt 0:00:56]} f6 {[%emt 0:00:55]} 18. Qc2 {[%emt 0:02:03]} Rac8 {[%emt 0:00:57]} 19. Bxh7+ {[%emt 0:02:02]} Kh8 {[%emt 0:00:19]} 20. Nh4 {[%emt 0:01:40]} Qe8 {[%emt 0:12:44]} 21. Bg6 {[%emt 0:04:49]} Qc6 {[%emt 0:05:03]} 22. Qe2 {[%emt 0:01:15]} Rfd8 {[%emt 0:04:34]} 23. Qh5+ {[%emt 0:00:06]} Kg8 {[%emt 0:00:16]} 24. Bh7+ {[%emt 0:00:55]} 1-0

[Event "OBEM 2019"]
[Site "Bremen"]
[Date "2019.04.18"]
[Round "7.4"]
[White "Buescher, Andre"]
[Black "Pienski, Olaf"]
[Result "1/2-1/2"]
[WhiteElo "2019"]
[BlackElo "2081"]
[Annotator "NA"]
[PlyCount "98"]
[EventDate "2019.04.13"]
[EventType "swiss"]
[EventCountry "GER"]
[SourceTitle "playchess.com"]
[Source "ChessBase"]
[SourceQuality "1"]
[TimeControl "40/5400+30:1800+30"]

1. d4 {[%emt 0:00:00]} g6 {[%emt 0:00:14]} 2. e4 {[%emt 0:01:59]} d6 {[%emt 0:01:37]} 3. Nc3 {[%emt 0:00:25]} c6 {[%emt 0:00:43]} 4. Be3 {[%emt 0:02:11]} Nf6 {[%emt 0:00:41]} 5. h3 {[%emt 0:03:46]} Nbd7 {[%emt 0:06:43]} 6. Qd2 {[%emt 0:03:14]} b5 {[%emt 0:01:37]} 7. Bd3 {[%emt 0:00:54]} a6 {[%emt 0:08:39]} 8. a4 {[%emt 0:06:36]} Bb7 {[%emt 0:06:46]} 9. Nf3 {[%emt 0:05:23]} e5 {[%emt 0:11:53]} 10. O-O {[%emt 0:04:01]} Bg7 {[%emt 0:04:25]} 11. Bh6 {[%emt 0:03:54]} O-O {[%emt 0:00:26]} 12. Bxg7 {[%emt 0:00:54]} Kxg7 {[%emt 0:00:07]} 13. Rfe1 {[%emt 0:10:17]} Qc7 {[%emt 0:09:29]} 14. dxe5 {[%emt 0:10:15]} dxe5 {[%emt 0:00:18]} 15. Qe3 {[%emt 0:01:19]} Rfe8 {[%emt 0:04:27]} 16. Rad1 {[%emt 0:01:11]} Nf8 {[%emt 0:05:10]} 17. Ne2 {[%emt 0:05:38]} Ne6 {[%emt 0:02:47]} 18. Ng5 {[%emt 0:01:51]} Nxg5 {[%emt 0:02:05]} 19. Qxg5 {[%emt 0:00:12]} h6 {[%emt 0:00:43]} 20. Qe3 {[%emt 0:02:15]} Rad8 {[%emt 0:04:20]} 21. c3 {[%emt 0:06:15]} Bc8 {[%emt 0:02:29]} 22. Nc1 {[%emt 0:05:13]} Be6 {[%emt 0:01:33]} 23. axb5 {[%emt 0:04:03]} axb5 {[%emt 0:00:20]} 24. Bf1 {[%emt 0:01:21]} Nd7 {[%emt 0:03:19]} 25. Nd3 {[%emt 0:03:25]} c5 {[%emt 0:03:56]} 26. g3 {[%emt 0:01:14]} Bc4 {[%emt 0:01:39]} 27. Rd2 {[%emt 0:00:54]} Nb6 {[%emt 0:02:05]} 28. f4 {[%emt 0:03:00]} Bxd3 {[%emt 0:01:13]} 29. Bxd3 {[%emt 0:04:38]} c4 {[%emt 0:00:34]} 30. Bf1 {[%emt 0:00:22]} Rxd2 {[%emt 0:00:38]} 31. Qxd2 {[%emt 0:00:03]} Rd8 {[%emt 0:00:32]} 32. Qe3 {[%emt 0:00:54]} Na4 {[%emt 0:00:40]} 33. Re2 {[%emt 0:01:18]} Rd3 {[%emt 0:01:24]} 34. Qf2 {[%emt 0:00:33]} Nc5 {[%emt 0:01:58]} 35. Re3 {[%emt 0:02:29]} Rd1 {[%emt 0:02:34]} 36. Kh2 {[%emt 0:00:14]} Qd6 {[%emt 0:02:48]} 37. Qf3 {[%emt 0:02:47]} Rd2+ {[%emt 0:00:21]} 38. Re2 {[%emt 0:01:33]} Na4 {[%emt 0:02:50]} 39. fxe5 {[%emt 0:00:32]} Rxe2+ {[%emt 0:00:12]} 40. Qxe2 {[%emt 0:01:25]} Qxe5 {[%emt 0:00:17]} 41. Qc2 {[%emt 0:30:40]} Nc5 {[%emt 0:30:49]} 42. Bg2 {[%emt 0:01:00]} h5 {[%emt 0:02:19]} 43. h4 {[%emt 0:00:00]} Qd6 {[%emt 0:00:00]} 44. Qe2 {[%emt 0:00:00]} Qd3 {[%emt 0:00:00]} 45. Qf2 {[%emt 0:00:00]} Nxe4 {[%emt 0:00:00]} 46. Bxe4 {[%emt 0:00:00]} Qxe4 {[%emt 0:00:00]} 47. Qc5 {[%emt 0:00:00]} Qe2+ {[%emt 0:00:00]} 48. Kh3 {[%emt 0:00:00]} Qf1+ {[%emt 0:00:00]} 49. Kh2 {[%emt 0:00:00]} Qe2+ {[%emt 0:06:50]} 1/2-1/2

[Event "OBEM 2019"]
[Site "Bremen"]
[Date "2019.04.19"]
[Round "8.1"]
[White "Margraf, Daniel"]
[Black "Hundack, Rolf"]
[Result "1-0"]
[WhiteElo "2238"]
[BlackElo "2140"]
[Annotator "TA"]
[PlyCount "71"]
[EventDate "2019.04.13"]
[EventType "swiss"]
[EventCountry "GER"]
[SourceTitle "playchess.com"]
[Source "ChessBase"]
[SourceQuality "1"]

{[%evp 23,71,0,0,13,11,0,0,0,0,0,19,0,24,19,126,127,212,203,206,139,198,216,205,93,207,222,306,309,295,296,351,331,326,315,415,355,405,347,344,344,339,343,343,344,331,333,440,414,497,410]} 1. e4 e5 2. Nf3 Nc6 3. d4 exd4 4. Nxd4 Nf6 5. Nc3 Bb4 6. Nxc6 bxc6 7. Bd3 d5 8. exd5 cxd5 9. O-O O-O 10. Bg5 c6 11. Qf3 Bd6 12. h3 Rb8 13. b3 {C47: Scotch Four Knights and Four Knights with 4 g3} h6 14. Bf4 Bxf4 (14... Rb4 15. Bxd6 Qxd6 16. Rfe1 a5 17. Rad1 Bd7 18. Qe3 Rc8 19. Qa7 Rh4 20. Re3 Qc7 21. Qxc7 Rxc7 {½-½ (57) Carlsen,M (2839)-Ding,L (2804) Porto Carras 2018}) 15. Qxf4 {The position is equal.} Be6 16. Rad1 Qe7 $146 ({Predecessor:} 16... Qa5 17. Qd2 Qa3 18. Ne2 c5 19. Nf4 Rfe8 20. Rfe1 Bd7 21. c4 {1-0 (39) Yandemirov,V (2467)-Kharchenko,B (2448) Alushta 2010}) 17. Rfe1 Rb4 18. Qe5 Nd7 (18... Rc8 $11) 19. Qc7 $16 Qf6 (19... Rb6 $16 20. Na4 (20. Qxa7 Rbb8 $16) 20... Rbb8) 20. Qxc6 $18 Ne5 21. Qc7 Nxd3 (21... Rc8 $16 {was called for.} 22. Qxe5 Qxe5 23. Rxe5 Rxc3) 22. Rxd3 ({Worse is} 22. cxd3 Rc8 $17) 22... Rc8 {[#]} 23. Qg3 (23. Qxc8+ $1 $18 {[%mdl 512] and White stays clearly on top.} Bxc8 24. Nxd5 {[%mdl 64] Double Attack}) 23... d4 (23... Rd4 $16 24. Rf3 Qg5) 24. Ne4 Qd8 25. c3 Rb6 26. Rxd4 Qf8 27. c4 Ra6 28. Rd2 Kh8 29. Red1 Rb8 30. Qxb8 {[%mdl 64] [#] Remove Defender} Qxb8 31. Rd8+ Qxd8 32. Rxd8+ Kh7 33. Rd2 Bf5 34. f3 Bg6 35. Kf2 f5 36. Nc3 {Accuracy: White = 57%, Black = 28%.} 1-0